[Event "Budapest FS09 GM"]
[Site "Budapest"]
[Date "2004.09.15"]
[Round "12"]
[White "Nguyen, Ngoc Truong Son"]
[Black "Dearing, Eddie"]
[Result "0-1"]
[WhiteElo "2466"]
[BlackElo "2392"]
[Annotator "Dearing,E"]
[PlyCount "82"]
[EventDate "2004.09.04"]
[EventType "tourn"]
[EventRounds "13"]
[EventCountry "HUN"]
[EventCategory "8"]
[SourceTitle "CBM 102 Extra"]
[Source "ChessBase"]
[SourceDate "2004.11.03"]
[SourceVersion "1"]
[SourceVersionDate "2004.11.03"]
[SourceQuality "1"]

1. d4 g6 2. e4 Bg7 3. Nc3 c6 $5 {With 2/2 from this line so far, I couldn't
resist the temptation to give it one last try.} 4. Bc4 d6 5. Qf3 e6 6. Nge2 Nd7
7. Bf4 Ngf6 {This is slightly more accurate than the immediate 7...Qe7, as the
d6 pawn is indirectly protected via the trick 8.Bxd6 Nb6, hitting both the d6
and c4 bishops simultaneously.} 8. Rd1 $5 (8. O-O-O $5 {was seen in 0-1
Meszaros,T-Dearing,E/Budapest HUN 2004, also annotated in this issue.}) 8...
Qe7 9. O-O O-O 10. h3 {I think this is probably a new move. After my game with
Meszaros I actually spent some time thinking about this line and also read the
CBM notes. These are all in previous issues, however I made some notes at the
time, so I'll just take this opportunity to share my thoughts on some of the
existing theory on this variation.} (10. Bb3 a5 $5 {Although advancing the
a-pawn at such junctures seems very common in practice, I am somewhat
reluctant to commit Black to a fixed structure so early in the game. For
example, if White plays a2-a4, then it may be very difficult for Black to
achieve the freeing break b7-b5. A similar problem is that, having played a5
already, if Black were ever to attack White's centre with c6-c5, this would
now create a gaping outpost on b5 for a White knight. One final aspect to this
analysis is that Black might well want the a-pawn on a6, to support the a
b5-pawn, with the idea of subsequently playing c6-c5, with a view to
harrassing the b3-bishop via c5-c4. In essence, by playing a7-a5 so early, I
feel that Black abandons some of the potential dynamism in his position.} 11.
Bg5 h6 12. Bh4 e5 13. Rfe1 Re8 14. h3 (14. d5 g5 15. dxc6 bxc6 16. Bg3 Nc5 $15
{-Erenburg, Chessbase Magazine 99.}) 14... exd4 15. Nxd4 {was Mateo,
R-Nisipeanu,L Decameron 2003, and now Black played 15...Nc5?! which Erenburg
suggests could and should have been exploited by} Nc5 $2 ({By way of
improvement GM Erenburg suggests that} 15... Ne5 16. Qe2 (16. Qe3 Nfg4 $1)
16... Qc7 {[%cal Yf6d7,Yd7c5] presumably intending Nf6-d7-c5, placing pressure
on White's centre, intending Nc5xb3, and contemplating f7-f5 or d6-d5, freeing
Black's position. Erenburg believes this grants Black full equality, but I
still feel White is a little better here.}) 16. Ndb5 $1 {[%mdl 64]} Rd8 $1 (
16... cxb5 17. Nd5 $18) (16... Nxb3 17. Nxd6 g5 18. Bg3 g4 19. Nxc8 $16) 17.
Nxd6 $1 {[%mdl 64]} Rxd6 18. Rxd6 Qxd6 19. e5 Qd2 20. Rd1 $16 {when White is
clearly better.}) 10... e5 11. Bh2 $6 {Nguyen played this quickly, but I don't
believe it can be any good. Hereafter the bishop is effectively trapped on h2
until the e5-pawn moves.} b5 12. Bb3 a6 13. a4 b4 14. Nb1 c5 $5 ({During the
game I was not entirely happy with this move. By forcing a change in the pawn
structure Black frees his position and exploits the temporary lack of
coordination between White's forces, however, on the other hand, Black also
lets the h2-bishop out of its cage, in some respect relieving White of the
burden of proving exactly what the bishop is doing on h2. When aiming for this
position I had devoted most of my time to the natural move} 14... a5 {intending
} 15. Nd2 Ba6 {when White faces some problems unravelling his forces, e.g.} 16.
Nc4 $6 Bxc4 (16... Nxe4 $5 {may be even stronger, e.g.} 17. Qxe4 $2 d5 $17 18.
Qd3 $2 Nb6 $1 $19) 17. Bxc4 Nb6 18. Bb3 c5 (18... d5 $5 19. exd5 e4 {also
gives Black reasonable play, but does open the position up for White's bishops.
}) 19. dxc5 dxc5 20. c4 {when White's bishops are absolutely terrible. I saw
all this, but irrationally played 14...c5 anyway. I guess perhaps I was just
tired.}) ({A move that I didn't see (well, I saw the move itself, but not the
correct follow-up) was Fritz's suggestion} 14... exd4 $5 15. Nxd4 Bb7 {
(intending simply 16...c5, when White has problems with the e4-pawn)} 16. Nd2
c5 17. Ne2 Rae8 $1 (17... Bxe4 18. Nxe4 Nxe4 19. Rfe1 {is the line that I
analysed during the game. Black is probably okay here, but I was concerned
about the weakness of the d6-pawn, the d5-square and the awkward position of
the Black queen on the e-file.}) 18. Ng3 d5 19. exd5 (19. Bxd5 Nxd5 20. exd5
Nb6 {gives White problems with the d5- and a4-pawns.}) 19... Ne5 $1 20. Qe2
Nxd5 21. Bxd5 Bxd5 22. Qxa6 Ra8 $17) 15. dxe5 (15. dxc5 Nxc5 {followed by 16...
Bb7, hitting e4, and the centralisation of Black's rooks, appears very awkward
for White}) (15. d5 {resolves the tension in the centre and gives White some
time to get his pieces out, however, Black is much better placed to exploit
the structural transformation, e.g.} a5 16. Nd2 Nb6 {intending Ba6 (with the
possibility of c5-c4), Nfd7 and f7-f5, lashing out on all areas of the board!
Black can even consider targeting the a4-pawn with Bd7 or Qe8/d7, or take time
to enhance the position of the g7-bishop with Bh6.}) 15... Nxe5 (15... dxe5 16.
Nd2 Bb7 17. Qe3 {followed by f3, a5 (if possible), Nc4, Kh1 and Bg1, Nc1-d3,
Rd2, Rfd1 when Black has long-term problem structural problems based on the
weakness of the a5, b6, c5, d6 and d5 squares.}) 16. Bxe5 $5 {This nearly
works out nicely for White, however the tactics ultimately favour Black.
Nevertheless I am not sure why I was surprised by this move - if White does
not capture on e5 then he will concede any hope of the initiative, e.g.} (16.
Qe3 Bb7 (16... c4 $5 17. Bxe5 Qxe5 18. Bxc4 Bb7 {-Fritz}) 17. Nd2 Rfe8 18. f3 (
18. Nf4 Rac8 $1) 18... Rad8 $15) 16... Qxe5 17. Qf4 Qxb2 18. Qxd6 Nxe4 19. Qc6
(19. Qd5 Bf5 (19... Be6 {is similar}) 20. g4 Be6 $1 21. Qxe4 Bxb3 22. cxb3 Rae8
{and Black recovers the piece with a decisive advantage.}) 19... Bf5 20. g4
Rac8 21. Qxa6 {With the f5-bishop under attack and without any course of safe
retreat it all looks pretty bad for Black. Fortunately I had spotted a cheeky
tactic that entirely turns the tables...} c4 $1 {This pawn sacrifice opens up
the c5-square, preparing 22...Nc5 and 23...Bxc2, with a winning position for
Black.} 22. gxf5 (22. Bxc4 Nc5 23. Qb5 Bxc2 $19 {is winning for Black.}) 22...
cxb3 23. cxb3 Qxb3 24. Nd2 Nxd2 25. Rxd2 Qxh3 26. f6 Qg4+ $1 27. Ng3 Bh6 28.
Qe2 $1 Qf4 29. Rb2 Ra8 30. Qb5 Rfb8 31. Qc6 Bf8 $1 $19 32. Rb3 Rc8 33. Qb7 Qxf6
34. Rf3 Qe7 35. Qd5 Rxa4 36. Ne4 Ra3 37. Rf4 Rd8 38. Qc4 Bg7 39. Rc1 Ra1 40.
Rxa1 Bxa1 41. Kg2 Kg7 0-1

[Event "Budapest FS09 GM"]
[Site "Budapest"]
[Date "2004.09.11"]
[Round "8"]
[White "Meszaros, Tamas"]
[Black "Dearing, Eddie"]
[Result "0-1"]
[WhiteElo "2346"]
[BlackElo "2392"]
[Annotator "Dearing,E"]
[PlyCount "84"]
[EventDate "2004.09.04"]
[EventType "tourn"]
[EventRounds "13"]
[EventCountry "HUN"]
[EventCategory "8"]
[SourceTitle "CBM 102 Extra"]
[Source "ChessBase"]
[SourceDate "2004.11.03"]
[SourceVersion "1"]
[SourceVersionDate "2004.11.03"]
[SourceQuality "1"]

1. e4 g6 2. d4 Bg7 3. Nc3 c6 $5 {After the success that this little move
brought me in my round two game against Malysheva I thought I would give it
another try.} 4. Bc4 d6 5. Qf3 e6 6. Nge2 Nd7 7. Bf4 Ngf6 $1 {This is slightly
more accurate than the immediate 7...Qe7, as the d6 pawn is indirectly
protected via the trick 8.Bxd6 Nb6, hitting both the d6 and c4 bishops
simultaneously.} 8. O-O-O $5 {Although this is consistent with White's
strategy hitherto, I can't help but feel castling queenside is a mistake. This
was the first time I had ever faced this position over the board, so in order
to get my bearings I drew the following conclusions:  -Neither side's position
is particularly riddled with weaknesses, however a key difference in Black's
favour is that White's queenside pieces are positioned in the path of Black's
on-coming pawns. Thus b7-b5 will hit the bishop, driving it to b3, then a7-a5
will threaten a4, winning the light-squared bishop, whereas b5-b4 dislodges
the c3-knight, gaining yet another tempo for Black's attack.   -Another point
to consider is whether White's forces are really distributed in a fashion that
can support a kingside attack. The first point to note is that White cannot
change the pawn structure to his favour at this point: both e4-e5 (met with
dxe5 and Nf6-d5, when the e5-pawn is weak) and d4-d5 (met by cxd5 and e6-e5,
closing the centre but leaving Black with a mobile kingside majority) allow
Black to force a favourable resolution of the central tension. The second
point to consider is whether White's queen is active or misplaced on f3. One
line of thought would be that it can support the advance of White's kingside
pawns whilst retaining easy access to the g- and h-files. However a more
realistic assessment would be that the queen obstructs White's pawn play:
ordinarily White would life to play f2-f4 and then e4-e5, securing a strong
central space advantage, however clearly White's queen and bishop obstruct
this plan. Another way of looking at this issue is to question whether White's
f2-pawn would rather be on f3, where it can support the e4- and g4-points. In
this situation f2-f3 is obstructed by the White queen but, to some extent, it
is also reasonable to assert that the White queen is actually tied to the
protection of e4 (because the c3-knight can be dislodged by b7-b5-b4) and is
therefore currently performing the task of the f2-pawn, suggesting major
allocative inefficiency. These are just a few abstract thoughts, and
inevitably the position also contains a plethora of equally relevant
considerations, but hey, you have to start somewhere!} ({In round 12 I faced} 
8. Rd1 {against the Vietnamese prodigy Nguyen Ngoc Truongson - for more info
see my notes to 0-1 Nguyen Ngoc Truongson-Dearing,E Budapest HUN 2004, also in
this issue.}) 8... Qe7 9. Bb3 $1 e5 10. Bg5 $5 h6 11. Be3 {White's idea was to
provoke a slight weakening of Black's kingside, and in particular the g6-pawn,
however I suspect this may actually help Black by enhancing the immediacy with
which the Black kingside pawns can become mobile.} O-O 12. Qg3 ({Consistent,
but perhaps} 12. h4 $5 {would have been better.}) 12... Kh7 13. f4 (13. h4 b5
14. f3 a5 15. a4 b4 16. Nb1 c5 {is good for Black. Note that Black can now
meet h4-h5 with g6-g5, keeping the kingside structure securely closed for the
time being. An important point to note is that White's e2-knight does not have
rapid access to the g3-square, which means that infiltrating on f5 is
currently unlikely.}) 13... b5 14. fxe5 (14. dxe5 dxe5 15. f5 b4 {or 15...a5
is clearly better for Black.}) 14... dxe5 15. dxe5 (15. d5 b4 $1 16. dxc6 bxc3
17. cxd7 cxb2+ $17) 15... Nxe5 16. Qh4 a5 $1 $17 17. a4 (17. Bg5 a4 18. Bd5 $1
(18. Rhf1 axb3 ({or} 18... Neg4) 19. Bxf6 Bxf6 20. Rxf6 bxa2 $19) 18... Kg8 $3
{wins for Black as} 19. Bxh6 Nxd5 {picks up a piece because White's queen is
attacked and} 20. Qxe7 Bxh6+ {leaves White two(!) bishops down.}) 17... b4 18.
Nb1 c5 $1 (18... Neg4 $5 {wins a pawn with a clear advantage for Black, but I
was convinced that the game continuation was winning.}) 19. Nd2 (19. Bd5 $2
Nxd5) 19... Ba6 20. c4 bxc3 21. Nxc3 {At this point I had to stop and have a
long think: Black is clearly winning, but how? Often the answer is discovered
by going back to basics: when attacking you should involve every piece.} Rab8
22. Bg5 Nd3+ $1 ({The easiest way to win is} 22... Rfd8 23. Nd5 $6 Rxd5 24.
exd5 (24. Bxd5 Nd3+) 24... Nd3+ 25. Kc2 Qe5 $19 {I knew this at the time and
in retrospect I should have played this, however I was tempted by the
following pretty (and forced) combination.}) 23. Kb1 (23. Kc2 Qe5 $19) 23...
Qe5 24. Nf3 Qxc3 $3 25. bxc3 Rxb3+ 26. Ka2 {Again, forced as} (26. Kc2 Rb2# {
and}) (26. Ka1 Ra3+ 27. Kb1 Rb8+ 28. Kc2 Rb2# {are both forced mates.}) 26...
Bc4 $1 27. Bf4 $1 ({White has to control the b8-square in order to prevent
Black's second rook entering the attack, e.g.} 27. Rxd3 Rfb8 $1 28. Qf2 Rb1+
29. Ka3 R8b3+ 30. Ka2 Rb4+ 31. Ka3 R1b3+ 32. Ka2 Rxa4#) ({I also had to
calculate} 27. Nd2 {which leads to mate in eight, e.g.} Rb2+ 28. Ka1 (28. Ka3
Ra2#) 28... Ra2+ 29. Kb1 Rb8+ 30. Nb3 Rb2+ ({perhaps even prettier is} 30...
Rxb3+ 31. Kxa2 Rxc3+ 32. Kb1 Nxe4 $19 {e.g.} 33. Qxe4 Rb3+ 34. Ka2 Nb4#) 31.
Ka1 R2xb3 32. Ka2 (32. Qxh6+ Bxh6 {prolongs mate a move}) 32... Rb2+ 33. Ka3
Ra2#) 27... Nxf4 {By now a small crowd had gathered, and this came as a big
surprise to everyone, not least of all my opponent, who pointed out that} (
27... Nxe4 {is winning, e.g.} 28. Rxd3 Rxc3+ 29. Kb2 Bxd3 30. Be5 Rb8+ 31. Bxb8
Rc2+ 32. Ka3 Bb2+ 33. Ka2 Bc3+ 34. Kb3 c4+ 35. Ka3 Bb4#) ({The other British
players Omowale Nelson and Ben Purton pointed out that} 27... Rxc3+ {is also
winning, and an old man in the crowd asked me if I had seen the line}) (27...
Nb4+ 28. cxb4 Nd5 29. Nd4 Nxb4+ 30. Ka1 Nc2+ 31. Ka2 Rbb8+ 32. Nb3 Rxb3 33. Rd4
Nb4+ 34. Ka1 Bxd4# {The answer, unsurpisingly, was that no I hadn't seen any
of this. And it was a good thing too, as I only had two minutes on my clock
and there was no additional time to be had at move 40! Given that I had
started calculating this line at move 20 I concluded that the safest option
was simply to play the winning line that I had actually seen!}) 28. Nd2 Nxg2 $5
({My original intention was to play} 28... g5 {when, at the very least I am
clearly better.} 29. Nxc4 ({Ben and Wally pointed out to me after the game that
} 29. Qf2 Rb2+ $3 {is winning because, of} 30. Kxb2 Nd3+ $19) 29... gxh4 30.
Kxb3 {when Black has two pieces for the rook and a decisive advantage. I
avoided this line because I thought the game move was even stronger.}) 29. Qg3
$1 ({This came as a major shock to me because I thought it was just completely
losing, however things weren't as clear as I had thought. The move I had been
expecting was} 29. Qf2 {when I have a beautiful concluding combination in} Nxe4
$3 30. Nxe4 (30. Nxc4 Nxf2 $19) (30. Nxb3 Nxf2 $19) 30... Rxc3+ 31. Kb1 (31.
Ka1 Rc1#) 31... Rb8+ 32. Qb2 Rxb2+ 33. Kxb2 Re3+ {when Black emerges with 3
pieces for the rook.}) 29... Rxc3+ 30. Nxc4 Rxg3 31. hxg3 {I had seen this
position when I began analysing 28...Nxg2, however I had assumed there would
be some way to extricate my g2-knight. Perhaps there is, but with one minute
on the clock I certainly couldn't find it! Not that it matters too much, as I
am going to pick up the rest of White's pawns, so at the very least I will
have a bishop and 5 pawns for the rook!} Nxe4 32. Rdg1 Nxg3 33. Rh2 Rb8 34.
Rhxg2 Ne4 35. Re1 Nc3+ 36. Ka3 Rb4 37. Nb2 c4 $1 38. Nxc4 (38. Rc2 Rb3#) 38...
Rxc4 39. Rf2 Rxa4+ 40. Kb3 Rb4+ 41. Kc2 Rb7 42. Re8 Ra7 {This game is actually
rather special to me because it brought me my fifth(!) IM norm, and also
pushed me over 2400, securing the International Master title.} 0-1

[Event "Linares Anibal op 05th"]
[Site "Linares"]
[Date "1998.01.26"]
[Round "7"]
[White "Degraeve, Jean Marc"]
[Black "Dimitrov, Vladimir"]
[Result "0-1"]
[WhiteElo "2525"]
[BlackElo "2450"]
[Annotator "Dimitrov,Vl"]
[PlyCount "54"]
[EventDate "1998.01.20"]
[EventType "swiss"]
[EventRounds "10"]
[EventCountry "ESP"]
[SourceTitle "CBM 062 Extra"]
[Source "ChessBase"]
[SourceDate "1998.03.09"]
[SourceVersion "1"]
[SourceVersionDate "1998.03.09"]
[SourceQuality "1"]

1. e4 g6 2. d4 Bg7 3. Nc3 d6 4. Be3 a6 5. f4 b5 6. Be2 Bb7 7. Bf3 e6 (7... b4
8. Nd5 a5 9. f5 $5 $36) 8. Qd3 Nd7 9. O-O-O Ne7 10. g4 $6 (10. h4 d5 {/\} 11.
e5 Nf5 12. Bf2 c5 13. dxc5 Bh6 14. Nce2 Nxe5 15. Qc3 f6) (10. Kb1 $142 $1)
10... d5 11. e5 b4 12. Nce2 (12. Na4 $5) 12... c5 13. dxc5 Qa5 14. Kb1 g5 $1
$40 15. Qd2 Nc6 $1 16. h4 $2 (16. Nh3) 16... gxf4 17. Nxf4 Nxc5 $17 18. Nxd5 $5
O-O-O 19. Qf2 Na4 20. Bb6 $8 Nxb6 21. Nxb6+ Kc7 22. Nc4 Qb5 23. b3 Nxe5 24.
Rxd8 Rxd8 $19 25. Qh2 Rd7 $1 26. a4 Qc5 27. Qg3 Kd8 0-1

[Event "Olympiad-32"]
[Site "Yerevan"]
[Date "1996.09.16"]
[Round "1.4"]
[White "Schlosser, Michael"]
[Black "Chernin, Alexander"]
[Result "0-1"]
[WhiteElo "2380"]
[BlackElo "2620"]
[Annotator "Dolmatov,S"]
[PlyCount "58"]
[EventDate "1996.09.15"]
[EventType "team-swiss"]
[EventRounds "14"]
[EventCountry "ARM"]
[SourceTitle "CBM 055"]
[Source "ChessBase"]
[SourceDate "1996.12.01"]
[SourceVersion "1"]
[SourceVersionDate "1996.12.01"]
[SourceQuality "1"]
[WhiteTeam "Austria"]
[BlackTeam "Hungary"]
[WhiteTeamCountry "AUT"]
[BlackTeamCountry "HUN"]

1. e4 g6 2. d4 Bg7 3. Nc3 d6 4. f4 a6 5. Nf3 b5 6. Bd3 Nd7 (6... Bb7 7. O-O Nd7
8. e5 c5 9. exd6 cxd4 10. Ne4 $40 {Wang,Z-Sznapik,A/Manila(olm)/1992/}) 7. e5 (
7. O-O $6 c5) (7. a4 $5 b4 8. Ne2 c5 9. c3 $14) 7... c5 8. exd6 exd6 (8... cxd4
9. Ne4 Bb7 10. Qe2 e6 11. f5 gxf5 12. Ng3 $40) 9. Ne4 (9. O-O $5 Ne7 $132 (9...
cxd4 10. Re1+ Kf8 11. Ne2 $44)) 9... Qb6 10. dxc5 dxc5 11. a4 $2 (11. Be2 $5
Ngf6 12. Nd6+ Ke7 13. Nxc8+ Raxc8 14. O-O Rhe8 $13) 11... Nh6 $1 12. axb5 O-O
$17 13. Be2 c4 14. Ra3 (14. Qd6 Qa7 $17) 14... Nf5 15. Bxc4 (15. g4 Re8 $19)
15... Bb7 16. Nf2 (16. Qxd7 Rad8 $19) 16... Rae8+ 17. Be2 (17. Kf1 axb5 $19)
17... Nf6 $1 18. O-O Ng4 19. Ne5 Nxe5 20. fxe5 axb5 21. Kh1 (21. Bf3 b4 22. Rb3
Ba6 23. Be2 Nd4 24. Be3 Nxe2+ $19) 21... b4 22. Rh3 Rxe5 23. Bf3 $2 (23. Ng4
Re6 24. Nh6+ $2 Nxh6 25. Bxh6 Bxh6 26. Rxh6 Qe3 $19) 23... Ba6 24. Nd3 Ne3 25.
Bxe3 Rxe3 26. Qd2 (26. b3) 26... b3 27. Bg4 Rxh3 28. Bxh3 Qd6 29. Rf3 Rd8 0-1

[Event "Olympiad-32"]
[Site "Yerevan"]
[Date "1996.09.16"]
[Round "1.1"]
[White "Dreev, Alexey"]
[Black "Yrjola, Jouni"]
[Result "1-0"]
[WhiteElo "2645"]
[BlackElo "2435"]
[Annotator "Dolmatov,S"]
[PlyCount "73"]
[EventDate "1996.09.15"]
[EventType "team-swiss"]
[EventRounds "14"]
[EventCountry "ARM"]
[SourceTitle "CBM 055"]
[Source "ChessBase"]
[SourceDate "1996.12.01"]
[SourceVersion "1"]
[SourceVersionDate "1996.12.01"]
[SourceQuality "1"]
[WhiteTeam "Russia"]
[BlackTeam "Finland"]
[WhiteTeamCountry "RUS"]
[BlackTeamCountry "FIN"]

1. d4 d6 2. e4 g6 3. Nc3 Bg7 4. Bg5 c6 5. Qd2 b5 6. f4 b4 $6 (6... Qb6 $5 7.
Nf3 Bg4 8. O-O-O b4 9. Ne2 Nf6 $132) 7. Nd1 Qb6 8. c3 (8. Nf3 Bg4 9. c3) 8...
Nf6 9. Nf2 (9. Bd3 $6 d5 10. e5 Ne4 11. Bxe4 dxe4 $132) 9... bxc3 (9... c5 10.
dxc5 bxc3 11. Qxc3 Qxc5 12. Qxc5 dxc5 13. Nf3 $16) 10. bxc3 O-O 11. Bd3 c5 12.
Nf3 Qa5 $2 (12... cxd4 13. cxd4 Nc6 14. Rb1 Qa5 15. Qxa5 Nxa5 16. O-O (16. Rb5
Nc6) 16... Bd7 17. e5 $14) (12... Ba6 $5 13. Rb1 Qa5 14. Bxa6 Nxa6 15. O-O $14)
13. e5 dxe5 14. dxe5 (14. fxe5 $5 Nd5 15. c4 Qxd2+ 16. Kxd2 $16) 14... c4 (
14... Nd5 15. Be4 e6 16. c4 $16) (14... Rd8 15. c4 (15. exf6 $6 exf6 16. Bh4 c4
) 15... Qxd2+ 16. Kxd2 (16. Nxd2 Ng4) 16... Nh5 17. g4 (17. Bxe7 $2 Rd7 18.
Bxc5 Nxf4) 17... f6 18. gxh5 fxg5 19. Nxg5) 15. Bxc4 Rd8 16. Nd4 Nd5 17. Nb3 $1
$16 Qxc3 18. Qxc3 Nxc3 19. Bxe7 Rd7 (19... Re8 20. Bb4 Na4 21. Bd5 Bxe5 22. O-O
Bxa1 23. Rxa1 $16) 20. Bb4 Nd5 21. Bd2 Ba6 (21... g5 22. g3) 22. Rc1 Nb6 23.
Be2 $1 Bxe2 24. Kxe2 Na6 25. Ne4 Nc7 26. g3 $18 Ne6 27. Be3 Nd5 28. Rhd1 Rad8
29. Rd2 Nb4 30. Rxd7 Rxd7 31. Nbc5 (31. Rc8+ Rd8 32. Rxd8+ Nxd8 33. a4 $18)
31... Nxc5 32. Rxc5 h6 (32... Nxa2 33. Rc8+ Bf8 34. Nf6+) 33. Bd2 Rb7 (33...
Nxa2 34. Ra5 Rd4 35. Ke3 $18) 34. Rc8+ Kh7 35. Nd6 Rb6 36. a4 Nc2 37. Rxc2 1-0